000 01644nam a2200481 i 4500
001 37826
003 KOSZ 005
005 20220428112248.0
008 990113s1998 pl a |000 0 pol
015 _aUWD 1999/928
020 _a8371930496
035 _a991008857029705066
035 _a(PL-WaBN)b12286709-48omnis_nlop
035 _ab12286709
035 _a(OCoLC)830193692
035 _azz2007772328
035 _a(PL)b0000001228670
035 _a(EXLNZ-48OMNIS_NETWORK)9910320841205606
040 _aWA N
_cWA N
_dKOSZ 005/HR
046 _k1998
080 _a658.1/.5
100 1 _aPabian, Arnold
_eAutor
245 1 0 _aUwarunkowania sukcesu przedsiębiorstwa na rynku :
_bzarys problematyki /
_cArnold Pabian.
260 _aCzęstochowa :
_bWydawnictwo PC,
_c1998.
300 _a121, [1] s. :
_brys., wykr. ;
_c24 cm.
336 _aTekst
_btxt
_2rdacontent
337 _aBez urządzenia pośredniczącego
_bn
_2rdamedia
338 _aWolumin
_bnc
_2rdacarrier
380 _aKsiążki
388 _a1901-2000
388 _a1989-2000
490 1 _aMonografie / Politechnika Częstochowska,
_x0860-5017 ;
_vnr 59
504 _aBibliogr. s. 117-[122].
650 7 _aPrzedsiębiorstwo
_2DBN
650 7 _aOrganizacja
650 7 _aSukces
_2DBN
658 _aZarządzanie i marketing
710 2 _aWydawnictwo Politechniki Częstochowskiej
_4pbl
830 0 _aMonografie - Politechnika Częstochowska
_vnr 59
856 _uhttp://koha.tu.koszalin.pl/cgi-bin/koha/opac-detail.pl?biblionumber=37826
_yKatalog online BPK
942 _2UKD
_cKS
999 _c37826
_d37826